Finančná analýza skupiny Matador za roky 2004-2006 s medzipodnikovým porovnaním diplomová práca

Salvato in:
Dettagli Bibliografici
Autore principale: Ilavský, Marek
Ente Autore: Fakulta podnikového manažmentu EU. Katedra podnikových financií
Altri autori: Bikár, Miloš, 1973-
Natura: Libro
Lingua:slovacco
Pubblicazione: Bratislava 2008
Tags: Aggiungi Tag
Nessun Tag, puoi essere il primo ad aggiungerne!!

MARC

LEADER 00000nam$a2200000$$$4500
001 0088775
005 20240201115147.6
041 0 |a slo 
044 |a SK 
245 1 0 |a Finančná analýza skupiny Matador za roky 2004-2006 s medzipodnikovým porovnaním  |b diplomová práca  |c Marek Ilavský ; škol. Miloš Bikár 
264 1 |a Bratislava  |c 2008 
300 |a 65 s. 
100 1 |a Ilavský, Marek 
700 1 |a Bikár, Miloš, 1973- 
710 2 |a Fakulta podnikového manažmentu EU. Katedra podnikových financií